000 01348cam a2200277 a 4500
001 000010542
005 20200929162239.0
008 040511k19941998mx a b 001 0 spa d
020 _a9682959799
040 _aDO-SdBNP
_bspa
_cBNPHU
082 _a972
_bL842ó
100 1 _aLombardo Toledano, Vicente,
_d1894-1968.
_925571
245 1 0 _aObra histórico-cronológica /
_cVicente Lombardo Toledano ; coordinación del proyecto Marcela Lombardo Otero.
260 _aMéxico :
_bCentro de Estudios Filosóficos, Políticos y Sociales "Vicente Lombardo Toledano",
_c1994.
300 _av. :
_bil. ;
_c23 cm.
504 _aIncluye referencias bibliográficas e índice onomástico.
505 0 _gt.3. v.1.
_t1934 --
_gt.3. v.2.
_t1934 --
_gt.3. v.4.
_t1936 --
_gt.3 v.6.
_t1937 --
_gt.3 v.7.
_t1938 --
_gt.3 v.8.
_t1938 --
_gt.3 v.9.
_t1939 --
_gt3. v.10.
_t1939 --
_gt.4 v.1.
_t1940 --
_gt.4 v.2.
_t1940 --
_gt.4 v.3.
_t1940 --
_gt.4 v.4.
_t1941 --
_gt.4 v.5.
_t1941 --
_gt.4 v.6.
_t1941 --
_gt.4 v.7.
_t1942.
651 4 _aMéxico
_xHistoria
_95710
651 4 _aMéxico
_xPolítica Y Gobierno
_y1928-1946
_925572
650 4 _aHistoriografía
_913064
700 1 _aLombardo Otero, Marcela.
_925573
710 1 _aCentro de Estudios Filosóficos, Políticos y Sociales "Vicente Lombardo Toledano"
_925574
910 _aCatalogación derivada
910 _aWM
049 _aBNGR
999 _c10300
_d10300